01684cam a22002774a 450000100090000000300050000900500170001400800410003101000170007202000290008902000250011808200160014310000280015924501250018726000700031230000340038250503080041652003530072463000120107765000470108970000270113685600840116394200120124799900190125995201280127816287093NUST20221117102918.0100616s2011 enka b 001 0 eng  a 2010025730 a9780470844724 (hardback) a9780470844731 (hbk.)00a621.367,SOL1 aSolomon, Chris.910276910aFundamentals of digital image processing :ba practical approach with examples in Matlab /cChris Solomon, Toby Breckon. aChichester, West Sussex ;aHoboken, NJ :bWiley-Blackwell,c2011. axiv, 328 p. :bill. ;c25 cm. aRepresntation (Page-1), Formation (Page-21), Pixels (Page-49), Enhancement (Page-85), Fourier trasforms and frequency domain (Page-113), Image restoration (Page-141), Geometry (Page-169), Morphological processing (Page-197), Features (Page-235), Image segmentation (Page-263), Classification (Page-291). a"Fundamentals of Digital Image Processing is an introductory text on the science of image processing and employs the Matlab programming language to illustrate some of the elementary, key concepts in modern image processing and pattern recognition drawing on specific examples from within science, medicine and electronics"--cProvided by publisher.00aMATLAB. 0aImage processingxDigital techniques.96731 aBreckon, Toby.9102770423Cover imageuhttp://catalogimages.wiley.com/images/db/jimages/9780470844724.jpg 2ddccBK c592336d592336 00102ddc4070aMCSbMCScGENd2022-11-17l0o621.367,SOLpMCS35043r2022-11-17w2022-11-17yBKzAlmirah No.30, Shelf No.4